| 000 | 00401nam a2200169Ia 4500 | ||
|---|---|---|---|
| 008 | 230524s9999 xx 000 0 und d | ||
| 020 | _a9780070634299 | ||
| 082 |
_a628 _bKIE |
||
| 100 | _aGerard Kiely | ||
| 245 | 0 | _aEnvironmental Engineering | |
| 250 | _a1ST | ||
| 260 |
_aNEW DELHI _bTMH _c2006 |
||
| 300 | _aXI;879 | ||
| 500 | _aQuantity Number: 215 | ||
| 650 | _aEnvironmental | ||
| 942 | _cBK | ||
| 999 |
_c37677 _d37677 |
||